000 00179 a2200097 4500
020 _a9780736909457
041 _aeng
100 _aHeagy, Ron
245 _aNever give up
942 _cBK
999 _c5155
_d5155